000 00311nam a22001337a 4500
003 OSt
005 20211227153614.0
008 211227b |||||||| |||| 00| 0 eng d
020 _a8131800679
040 _cHU
100 _aBangia Ramesh
_925530
245 _aImformation Technology Bible
942 _2ddc
_cBOOKS
_n0
999 _c24437
_d24437